书目信息 |
| 题名: |
园林制图习题集
|
|
| 作者: | 董南 主编 | |
| 分册: | ||
| 出版信息: | 北京 高等教育出版社 2005.08 |
|
| 页数: | 105页 | |
| 开本: | 19×26cm | |
| 丛书名: | ||
| 单 册: | ||
| 中图分类: | TU986.2-44 | |
| 科图分类: | ||
| 主题词: | 造园林--zao yuan lin--制图--高等教育--习题 | |
| 电子资源: | ||
| ISBN: | 7-04-017434-0 | |
| 000 | 00902nam0 2200241 450 | |
| 001 | 012006630549 | |
| 005 | 20060803181608.28 | |
| 010 | @a7-04-017434-0@dCNY17.60 | |
| 100 | @a20060803d2005 km y0chiy0120 ea | |
| 101 | 0 | @achi |
| 102 | @aCN@b110000 | |
| 105 | @aa q 000yy | |
| 106 | @ar | |
| 200 | 1 | @a园林制图习题集@Ayuan lin zhi tu xi ti ji@f董南主编@Fdong nan zhu bian |
| 210 | @a北京@c高等教育出版社@d2005.08 | |
| 215 | @a105页@c图@d19×26cm | |
| 330 | @a本习题集内容涉及园林制图的基本知识和技能,摄影的基本知识、直线和平面的投影、体的投影,轴测投影,剖面图与断面图,建筑阴影,建筑透视图和园林工程制图与识图。 | |
| 333 | @a教育部职业教育与成人教育司推荐教材配套教学用书高等职业教育园林类专业适用 | |
| 606 | 0 | @a造园林@Azao yuan lin@x制图@x高等教育@j习题 |
| 690 | @aTU986.2-44@v4 | |
| 701 | 0 | @a董南@Adong nan@4主编 |
| 801 | 0 | @aCN@bQSSK@c20060803 |
| 905 | @b597557-59@dTU986.2-44@eD725 | |
| 园林制图习题集/董南主编.-北京:高等教育出版社,2005.08 |
| 105页:图;19×26cm |
| 使用对象:教育部职业教育与成人教育司推荐教材配套教学用书高等职业教育园林类专业适用 |
| ISBN 7-04-017434-0:CNY17.60 |
| 本习题集内容涉及园林制图的基本知识和技能,摄影的基本知识、直线和平面的投影、体的投影,轴测投影,剖面图与断面图,建筑阴影,建筑透视图和园林工程制图与识图。 |
| ● |
| 相关链接 |
|
|
|
正题名:园林制图习题集
索取号:TU986.2-44/D725
 
预约/预借
| 序号 | 登录号 | 条形码 | 馆藏地/架位号 | 状态 | 备注 |
| 1 | 597557 | 205975578 | 建筑库201/201建筑库 112排2列4层/ [索取号:TU986.2-44/D725] | 在馆 | |
| 2 | 597558 | 205975587 | 建筑库201/201建筑库 112排2列4层/ [索取号:TU986.2-44/D725] | 在馆 | |
| 3 | 597559 | 205975596 | 建筑库201/201建筑库 112排2列4层/ [索取号:TU986.2-44/D725] | 在馆 |